<?xml version="1.0" encoding="UTF-8"?>
<collection xmlns="http://www.loc.gov/MARC21/slim">
 <record>
  <leader>01095ntm a22002775a 4500</leader>
  <controlfield tag="001">EIQ.libpla000765</controlfield>
  <controlfield tag="008">060519s2006####ag#a#####bm###000#0#spa#d</controlfield>
  <controlfield tag="005">20080904155922.0</controlfield>
  <datafield tag="245" ind1="1" ind2="0">
   <subfield code="a">Modificación química de copolímeros estirenobutadieno /</subfield>
   <subfield code="c">Verónica L. Lassalle.</subfield>
  </datafield>
  <datafield tag="260" ind1=" " ind2=" ">
   <subfield code="c">2006.</subfield>
  </datafield>
  <datafield tag="300" ind1=" " ind2=" ">
   <subfield code="a">xxvii, 209 p. :</subfield>
   <subfield code="b">il., tablas ;</subfield>
   <subfield code="c">21 cm.</subfield>
  </datafield>
  <datafield tag="502" ind1=" " ind2=" ">
   <subfield code="a">Tesis (doctorado)--Universidad Nacional del Sur. Departamento de Ingeniería Química, 2005.</subfield>
  </datafield>
  <datafield tag="500" ind1=" " ind2=" ">
   <subfield code="a">Director de tesis: Dr. Enrique Vallés, director adjunto Marcelo Failla.</subfield>
  </datafield>
  <datafield tag="504" ind1=" " ind2=" ">
   <subfield code="a">Incluye referencias bibliográficas.</subfield>
  </datafield>
  <datafield tag="100" ind1="1" ind2=" ">
   <subfield code="a">Lasalle, Verónica L.</subfield>
   <subfield code="4">dis</subfield>
  </datafield>
  <datafield tag="710" ind1="2" ind2=" ">
   <subfield code="a">Universidad Nacional del Sur.</subfield>
   <subfield code="b">Dto. de Ingeniería Química</subfield>
   <subfield code="4">dgg.</subfield>
  </datafield>
  <datafield tag="650" ind1=" " ind2="4">
   <subfield code="a">Polímeros</subfield>
   <subfield code="x">Copolímeros.</subfield>
  </datafield>
  <datafield tag="650" ind1=" " ind2="4">
   <subfield code="a">Copolímeros</subfield>
   <subfield code="x">Estireno.</subfield>
  </datafield>
  <datafield tag="650" ind1=" " ind2="4">
   <subfield code="a">Copolímeros</subfield>
   <subfield code="x">Butadieno.</subfield>
  </datafield>
  <datafield tag="650" ind1=" " ind2="4">
   <subfield code="a">Polímeros</subfield>
   <subfield code="x">Tesis.</subfield>
  </datafield>
  <datafield tag="650" ind1=" " ind2="4">
   <subfield code="a">Polymers</subfield>
   <subfield code="x">Theses.</subfield>
  </datafield>
  <datafield tag="650" ind1=" " ind2="4">
   <subfield code="a">Polymers</subfield>
   <subfield code="x">Copolymers.</subfield>
  </datafield>
  <datafield tag="650" ind1=" " ind2="4">
   <subfield code="a">Copolymers</subfield>
   <subfield code="x">Styrene.</subfield>
  </datafield>
  <datafield tag="650" ind1=" " ind2="4">
   <subfield code="a">Copolymers</subfield>
   <subfield code="x">Butadiene.</subfield>
  </datafield>
  <datafield tag="040" ind1=" " ind2=" ">
   <subfield code="a">AR-BbSID</subfield>
   <subfield code="b">spa</subfield>
   <subfield code="c">AR-BbSID</subfield>
  </datafield>
  <datafield tag="859" ind1=" " ind2=" ">
   <subfield code="a">AR-BbSID</subfield>
   <subfield code="b">BIB. PLAPIQUI</subfield>
   <subfield code="h">547.84</subfield>
   <subfield code="i">L 33</subfield>
   <subfield code="p">5845</subfield>
  </datafield>
 </record>
</collection>
